The divine life of Sri Sri Sitaramdas Omkarnath / (Record no. 64506)

MARC details
000 -LEADER
fixed length control field 00413nam a22001457a 4500
005 - DATE AND TIME OF LATEST TRANSACTION
control field 20170828104850.0
020 ## - INTERNATIONAL STANDARD BOOK NUMBER
Terms of availability 60.00
035 ## - SYSTEM CONTROL NUMBER
System control number B-055334
037 ## - SOURCE OF ACQUISITION
Stock number DPL
Source of stock number/acquisition ENG
100 ## - MAIN ENTRY--PERSONAL NAME
Personal name Varadarajan, C.
245 ## - TITLE STATEMENT
Title The divine life of Sri Sri Sitaramdas Omkarnath /
Statement of responsibility, etc by C. Varadarajan
260 ## - PUBLICATION, DISTRIBUTION, ETC. (IMPRINT)
Place of publication, distribution, etc Calcutta
Name of publisher, distributor, etc Kinkar Rameshananda
Date of publication, distribution, etc 1997
300 ## - PHYSICAL DESCRIPTION
Extent 87p.
Dimensions 20 cms.
942 ## - ADDED ENTRY ELEMENTS (KOHA)
Source of classification or shelving scheme Dewey Decimal Classification
Item type English Books
Classification part 230.55
Call number suffix VAR
Holdings
Withdrawn status Lost status Not for loan Collection code Home library Current library Date acquired Cost, normal purchase price Full call number Barcode Cost, replacement price Koha item type
      Non-fiction Sarojini Nagar Sarojini Nagar 29/03/2012 60.00 230.55 VAR B-055334 60.00 English Books

© Delhi Public Library
Hit Counter
free hit counter